Neiroeducation:learning , arts, and the brain (Record no. 25917)

MARC details
000 -LEADER
fixed length control field 00574nam a22001937a 4500
003 - CONTROL NUMBER IDENTIFIER
control field OSt
005 - DATE AND TIME OF LATEST TRANSACTION
control field 20260702114927.0
008 - FIXED-LENGTH DATA ELEMENTS--GENERAL INFORMATION
fixed length control field 260702b |||||||| |||| 00| 0 eng d
020 ## - INTERNATIONAL STANDARD BOOK NUMBER
International Standard Book Number 978-1-932594-52-2
040 ## - CATALOGING SOURCE
Transcribing agency Chuka University Library
050 ## - LIBRARY OF CONGRESS CALL NUMBER
Classification number LB 1060
Item number .N48 2009
100 ## - MAIN ENTRY--PERSONAL NAME
Personal name Hardiman Mariale
9 (RLIN) 32622
245 ## - TITLE STATEMENT
Title Neiroeducation:learning , arts, and the brain
260 ## - PUBLICATION, DISTRIBUTION, ETC.
Place of publication, distribution, etc. Dana press
Name of publisher, distributor, etc. New York
Date of publication, distribution, etc. 2009
300 ## - PHYSICAL DESCRIPTION
Extent 109
Other physical details Coloured illustrations
650 ## - SUBJECT ADDED ENTRY--TOPICAL TERM
Topical term or geographic name entry element Neuroeducation
9 (RLIN) 32623
650 ## - SUBJECT ADDED ENTRY--TOPICAL TERM
Topical term or geographic name entry element Educational psychology learning
9 (RLIN) 32624
942 ## - ADDED ENTRY ELEMENTS (KOHA)
Source of classification or shelving scheme Library of Congress Classification
Koha item type Long Loan Books
Suppress in OPAC No
Holdings
Withdrawn status Lost status Source of classification or shelving scheme Damaged status Not for loan Collection Home library Current library Shelving location Date acquired Source of acquisition Cost, normal purchase price Total Checkouts Full call number Barcode Date last seen Price effective from Koha item type
    Library of Congress Classification     General Collection Books Main Campus Library Main Campus Library General Stacks 02/07/2026 Donations from books for Africa 2565.00   LB 1060 .N48 2009 36943/2026 02/07/2026 02/07/2026 Long Loan Books

Powered by Koha